000 00902nam a22002537a 4500
005 20100313142719.0
008 100313t xxu||||| |||| 00| 0 eng d
010 _aENG-95884
020 _a8183160743
_c500.00
020 _a9788183160742
_c500.00
035 _aEN-79417
037 _bDBAD/PUB
040 _aDPL
082 _a371.1024
100 _aKrishnamacharyulu, V.
245 _aClassroom dynamics/
_cby V. Krishnamacharyulu
260 _aNew Delhi
_bNeelkamal Publications
_c2006
270 _aBG5/9B, Paschim Vihar
_bNew Delhi
_e110063
300 _axvi, 224p.
_c22cm. (Hb)
_eindex from page 220 to 224
700 _aDubey, K. C.
700 _aPrakasam, V.
942 _2ddc
_cEN
_mKRI
_h371.1024
999 _c34703
_d34703